Circuitos B sicos de Neumática / Miguel Carulla, Vicent Lladonosa (Registro nro. 13214)

Detalles MARC
000 -LÍDER
fixed length control field 00486nam a2200157 4500
008 - ELEMENTOS DE LONGITUD FIJA -- INFORMACIÓN GENERAL
fixed length control field 0 1995 0a 000 0Col
020 ## - NÚMERO INTERNACIONAL NORMALIZADO PARA LIBROS
ISBN 970-15-0002-4
050 ## - SIGNATURA TOPOGRAFICA DE LA BIBLIOTECA DEL CONGRESO (LC)
Número de Clasificación TJ219 C37 1995
082 ## - NUMERO DE CLASIFICACION DECIMAL DEWEY
Número de Clasificación 629.831.3 C329c
100 ## - ASIENTO PRINCIPAL--NOMBRE PERSONAL
Nombre personal Carulla, Miguel
245 ## - TÍTULO
Título Circuitos B sicos de Neumática / Miguel Carulla, Vicent Lladonosa
260 ## - PUBLICACIÓN, DISTRIBUCIÓN, ETC. (PIE DE IMPRENTA)
Lugar de publicación, distribución, etc. Cplombia : Alfaomega
300 ## - DESCRIPCIÓN FÍSICA
Extensión 143 p. / 28 cm.
650 ## - ASIENTO SECUNDARIO DE MATERIA - TERMINO TEMÁTICO
Término temático o nombre geográfico como elemento de entrada 1. CONTROL NEUMATICO \ 2. CONTROL HIDRAULICO
700 ## - ASIENTO SECUNDARIO - NOMBRE PERSONAL
Nombre personal Lladonosa Vicent
Existencias
No. biblioteca No. biblioteca Número de clasificación Código de barras/Número de adquisición Número de copia Tipo de material
LUIS G. INCLAN LUIS G. INCLAN 629.831.3 C329c 39270 1 Libros
LUIS G. INCLAN LUIS G. INCLAN 629.831.3 C329c 39271 2 Libros
LUIS G. INCLAN LUIS G. INCLAN 629.831.3 C329c 42753 3 Libros
LUIS G. INCLAN LUIS G. INCLAN 629.831.3 C329c 42754 4 Libros
LUIS G. INCLAN LUIS G. INCLAN 629.831.3 C329c 42755 5 Libros
Calzada Tecnológico # 27, Zacatepec, Morelos.
01(734) 343-07-23 / 343-21-10 / 343-21-11
Apdo. Postal 45 C.P 62780